| 000 | 01489nam a2200397 i 4500 | ||
|---|---|---|---|
| 001 | 25624 | ||
| 003 | KOSZ 005 | ||
| 005 | 20200630132830.0 | ||
| 008 | 070717s1972 pl a f 001 0 pol | ||
| 015 | _aPB 1972/2905 | ||
| 040 |
_aWA N _cWA N _dKOSZ 005/RW |
||
| 046 | _k1954 | ||
| 080 | _a519+513 | ||
| 100 | 1 |
_aKuratowski, Kazimierz _d(1896-1980). _eAutor |
|
| 245 | 1 | 0 |
_aWstęp do teorii mnogości i topologii / _cKazimierz Kuratowski. Elementy topologii algebraicznej / Ryszard Engelking. |
| 250 | _aWydanie 5 całkowicie przerobione. | ||
| 260 |
_aWarszawa : _bPaństwowe Wydawnictwo Naukowe, _c1972. |
||
| 300 |
_a371, [3] stron ; _bilustracje ; _c25 cm. |
||
| 336 |
_aTekst _btxt _2rdacontent |
||
| 337 |
_aBez urządzenia pośredniczącego _bn _2rdamedia |
||
| 338 |
_aWolumin _bnc _2rdacarrier |
||
| 380 | _aKsiążki | ||
| 380 | _aPublikacje naukowe | ||
| 388 | _a1901-2000 | ||
| 490 | 1 |
_aBiblioteka Matematyczna, _x0519-8356 ; _vt. 9. |
|
| 504 | _aBibliografia na stronach 13-14. Indeks. | ||
| 658 | _aMatematyka | ||
| 655 | 4 | _aPodręczniki akademickie | |
| 650 | 4 | _aTopologia | |
| 650 | 4 | _aTeoria mnogości | |
| 700 | 1 | 2 |
_aEngelking, Ryszard _d(1935- ). _tElementy topologii algebraicznej. |
| 710 | 2 |
_aPaństwowe Wydawnictwo Naukowe _4pbl. |
|
| 830 | 0 |
_aBiblioteka Matematyczna, _vt. 9. |
|
| 856 |
_uhttp://koha.tu.koszalin.pl/cgi-bin/koha/opac-detail.pl?biblionumber=25624 _yKatalog online BPK |
||
| 942 |
_2UKD _cKS |
||
| 999 |
_c25624 _d25624 |
||